| 000 | 00964cam a22002055a 4500 | ||
|---|---|---|---|
| 001 | L140883 | ||
| 008 | 071016s1922 xxk eng u | ||
| 035 | _a(Sirsi) u140883 | ||
| 041 | 0 | _aeng | |
| 110 | 2 |
_aGoddard and Smith _92297 |
|
| 245 | 0 | 0 | _aIllustrated particulars, plans and conditions of sale of the valuable and highly important proeprty world-renowned and known as The White City (Shepherd's Bush Exhibition Estate), Shepherd's Bush, London, W.12...for sale by auction by Goddard and Smith in the Exhibition Hall at the Uxbridge Road entrance...on Tuesday November 7th 1922... |
| 260 |
_aS.l. _bs.n. _c[1922] |
||
| 300 |
_a16 p. _bill., maps _c38 cm. |
||
| 340 | _aPrinted | ||
| 351 | _cSingle item | ||
| 500 | _aTitle page has been annotated in pencil with various information, including the sale price of £500 000. | ||
| 651 | 4 | _aLondon | |
| 690 | _aPROPERTY-PROPERTY ACQUISITION AND DISPOSAL-ACQUISITION AND DISPOSAL AT AUCTION | ||
| 942 | _n0 | ||
| 999 |
_c116515 _d116515 |
||